| 000 | 00438cam a2200181ua 4500 | ||
|---|---|---|---|
| 020 | _c8.40 | ||
| 041 |
_aeng _h |
||
| 082 |
_a291 _bRAD/EA |
||
| 100 | _aRadhakrishnan, . | ||
| 245 |
_aEast and West in religion / _cRadhakrishnan. _hTextual Documents |
||
| 250 |
_a1 / _b. |
||
| 260 |
_aLondon : _bGeorge Allen & Unwin Ltd , _c1958. |
||
| 300 | _a146 ; . | ||
| 365 | _a8.40 | ||
| 504 | _a | ||
| 942 | _cBK | ||
| 999 |
_c1730 _d1730 |
||